Compendio médico

Publicado: New York : Merck Sharp & Dohme International , 1937
Descripción Física: 3 volums, periodicitat trimestral : il·lustracions, gràfics ; 28 cm
Idioma: Catalán , Español

MARC

LEADER 00000nas a2200000 a 4500
001 29059
003 AGDB
005 20260324181539.0
008 251120b spa||||| |||| 00| 0 cat d
040 |a agdb  |b cat 
041 |a spa 
082 |a Revistes 
245 |a Compendio médico 
260 |a New York :  |b Merck Sharp & Dohme International,   |c [1937-1957?] 
300 |a 3 volums, periodicitat trimestral :  |b il·lustracions, gràfics ;  |c 28 cm 
500 |a Prové del fons Dolors Canals i Farriols (1913-2010) 
505 |a El núm. 88 (1961) commemora el 30è aniversari de la revista. Es titula: Salud en la América Latina. Tres decenios 
650 0 |a Fons Dolors Canals i Farriols (1913-2010)  |9 72778 
650 0 |a Medicina  |x Revistes  |2 Arxiu  |9 47265 
710 |a Merck Sharp & Dohme  |9 72836 
866 |a 1953 (69), 1961 (88) 
942 |2 udc  |c ARXIU  |n 1 
952 |0 0  |1 0  |2 udc  |4 0  |6 F5033  |7 1  |9 98671  |a Arxiu  |b Arxiu  |d 2025-11-20  |h Núm. 69 (1953)  |l 0  |o F-503-3  |p 29059  |r 2025-11-20 10:19:29  |w 2025-11-20  |y ARXIU 
952 |0 0  |1 0  |2 udc  |4 0  |6 F50323  |7 1  |9 98713  |a Arxiu  |b Arxiu  |d 2025-11-27  |h Núm. 88 (1961)  |l 0  |o F-503-23  |p 29069  |r 2025-11-27 13:04:08  |w 2025-11-27  |y ARXIU 
952 |0 0  |1 0  |2 udc  |4 0  |6 F50329  |7 1  |9 98714  |a Arxiu  |b Arxiu  |d 2025-11-27  |h Núm. 88 (1961)  |l 0  |o F-503-29  |p 29070  |r 2025-11-27 13:04:58  |w 2025-11-27  |y ARXIU 
999 |c 130406  |d 130406